[Event "Gibraltar Masters 7th"]
[Site "Gibraltar"]
[Date "2009.01.31"]
[Round "5"]
[White "Dimitrijevic, Dragan"]
[Black "Natalicchio Escalante, Ricardo Nicolas"]
[Result "0-1"]
[WhiteElo "2069"]
[BlackElo "2238"]
[PlyCount "74"]
[EventDate "2009.01.27"]
[EventType "swiss"]
[EventRounds "10"]
[EventCountry "ENG"]
[SourceTitle "CBM 128 Extra"]
[Source "ChessBase"]
[SourceDate "2009.03.05"]
[SourceVersion "2"]
[SourceVersionDate "2009.03.25"]
[SourceQuality "1"]

1. e4 c5 2. c3 d5 3. exd5 Qxd5 4. d4 g6 5. dxc5 Qxc5 6. Be3 Qc7 7. Na3 Nc6 8. Nf3 Nf6 9. Nb5 Qb8 10. Be2 Bg7 11. 0-0 0-0 12. h3 Rd8 13. Qa4 a6 14. Na3 Nd5 15. Bg5 h6 16. Bh4 b5 17. Qc2 Bf5 18. Qc1 Qb7 19. Nc2 Rac8 20. Rd1 b4 21. c4 Nb6 22. Rxd8+ Rxd8 23. Ne3 Be4 24. Bd1 Nd4 25. Nd2 Bc6 26. Nb3 Nxb3 27. Bxb3 Bd4 28. f3 a5 29. Bd1 Nxc4 30. Qxc4 Bxe3+ 31. Kh1 Qb5 32. Qxb5 Bxb5 33. Bxe7 Rd2 34. Bf6 Bf1 35. Rc1 Bxg2+ 36. Kh2 Bf4+ 37. Kg1 Bxh3 0-1

[Event "Gibraltar Challengers Week2"]
[Site "Gibraltar"]
[Date "2007.01.30"]
[Round "3"]
[White "Vea, Odin Blikra"]
[Black "Dimitrijevic, Dragan"]
[Result "1-0"]
[WhiteElo "2147"]
[BlackElo "2037"]
[PlyCount "55"]
[EventDate "2007.01.28"]
[EventType "swiss"]
[EventRounds "5"]
[EventCountry "ENG"]
[SourceTitle "EXT 2008"]
[Source "ChessBase"]
[SourceDate "2007.11.25"]
[SourceVersion "1"]
[SourceVersionDate "2007.11.25"]
[SourceQuality "1"]

1. e4 Nf6 2. Nc3 d5 3. e5 Nfd7 4. d4 e6 5. f4 c5 6. Nf3 Nc6 7. Be3 Qb6 8. Bb5 cxd4 9. Nxd4 Bb4 10. 0-0 Bxc3 11. bxc3 Nxd4 12. Bxd7+ Bxd7 13. cxd4 Rc8 14. Rb1 Qa6 15. Qg4 g6 16. Qg5 h6 17. Qf6 Rg8 18. Bd2 Bb5 19. Bb4 Rc7 20. Rfe1 Qc6 21. Bd6 Rd7 22. Rb3 Ba4 23. Rg3 Bxc2 24. h4 h5 25. Rc1 Qc4 26. Kh2 Rf8 27. Rf3 b5 28. Rf2 1-0